| 000 | 00628nam a2200205 i 4500 | ||
|---|---|---|---|
| 001 | 109711 | ||
| 003 | ES-MaACL | ||
| 005 | 20250812044415.0 | ||
| 007 | t| | ||
| 008 | 061121s1931 xxka |||| | eng d | ||
| 245 | 0 | 0 |
_aModern publicity 1931 _b: commercial art annual / _cedited by F.A. Mercer and W. Gaunt. |
| 260 |
_aLondon : _bThe Studio Limited, _c1931. |
||
| 300 |
_a174 p. : _bil. ; _c29 cm. |
||
| 650 | 1 | 7 |
_aArte publicitario _2embne _910280 |
| 650 | 0 | 4 |
_aPublicidad. _916609 |
| 700 | 1 |
_aMercer, Frank Alfred. _9159034 |
|
| 700 | 1 |
_aGaunt, William. _956017 |
|
| 852 |
_aES-MaACL _jB-12035 |
||
| 999 |
_c109711 _d109711 |
||